000 00291nam a2200121Ia 4500
008 190216s9999||||xx |||||||||||||| ||und||
100 _aEdward E Burgoyne
245 0 _aShort Course In Organic Chemistry
260 _bMcgraw -hill
_c1985
300 _a527p
650 _aChemistry
942 _cBK
999 _c2674
_d2674